00893nam a2200253 a 4500999001300000001000400013003000900017005001700026008004100043020001500084040003800099082002000137100002100157245010300178260005000281300002900331504005100360650002400411650002100435650003500456700001800491942001200509952011800521 c928d928776BD-DhUAP20200129105250.0200129s1996 bg b 001 0 eng d a9840513346 aBD-DhUAPcBD-DhUAPbEngdBD-DhUAP a338.954 HOS2231 aHossain, Akhtar.10aIn quest of development :bthe political economy of South Asia /cAkhtar Hossain and Salim Rashid. aDhaka, Bangladesh :bUniversity Press,c1996. axiv, 236 pages ;c22 cm. aIncludes bibliographical references and index. aEconomic conditions aEconomic policy. aSocial conditionszSouth Asia.1 aRashid, Salim 2ddccBK 00102ddc4070aUAPCLbUAPCLcGeneral Stacksd2020-01-29o338.954 HOSp3010000776r2020-01-29t1w2020-01-29yBK